|
|
|
|
| LEADER |
00000nab a2200000 a 4500 |
| 001 |
vtls000035415 |
| 003 |
SK-MaSNL |
| 005 |
20260304061412.0 |
| 008 |
250422c1979 xo 0 slo |
| 015 |
|
|
|a SNBRB19rr/mm-uuuuu
|
| 035 |
|
|
|a CL0045510
|
| 035 |
|
|
|a urn:nbn:sk:snk-ab1ly4
|
| 035 |
|
|
|a (urnnbn)urn:nbn:sk:snk:ar-004i31
|
| 035 |
|
|
|a (uuid)d910227a-6af6-496e-8610-1f9a82fc1447
|
| 040 |
|
|
|a SNKBUCL
|b slo
|c SNKBUCL
|e AACR2
|
| 041 |
0 |
|
|a slo
|
| 044 |
|
|
|a xo
|c SK
|
| 080 |
|
|
|a 633.1
|2 1981
|
| 100 |
1 |
|
|a Říman, Luděk,
|d 1929-1980
|4 aut
|9 103715
|
| 245 |
1 |
0 |
|a Štúdium krátkostebelných foriem oziminy Triticale
|c Luděk Říman, Ľudovít Rákoczi
|
| 300 |
|
|
|b Tb. 6. Obr. 3. Res. rus.
|
| 650 |
0 |
7 |
|a ozimné obilniny
|2 snkbucl
|9 58554
|
| 655 |
|
7 |
|a články z novín a časopisov
|2 snkbucl
|9 267496
|
| 700 |
1 |
|
|a Rákoczi, Ľudovít
|4 aut
|9 922736
|
| 773 |
0 |
|
|t Poľnohospodárstvo
|g Roč. 25, č. 5 (1979), s. 400-408
|
| 850 |
|
|
|a Slovenská národná knižnica
|
| 852 |
|
|
|a Slovenská národná knižnica
|
| 954 |
|
|
|a odborná, vedecká literatúra pôvodná (slovenská)
|2 lita
|
| 958 |
|
|
|a article27
|
| 958 |
|
|
|a RK
|
| 958 |
|
|
|a OND
|
| 958 |
|
|
|a EUIPO
|
| 992 |
|
|
|a RBX
|
| 999 |
|
|
|c 2732785
|d 2734715
|